Statistiken für Deutsche Fußballstadien nach Bild

Klicken Sie hier um das Quiz zu spielen!

Allgemein

  • Dieses Quiz wurde 304 mal gespielt
  • Das Durchschnittsergebnis liegt bei 9 aus 16

Antwortstatistiken

Antwort% Korrekt
Hertha BSC
90%
Eintracht Frankfurt
83%
Hamburger SV
79%
1. FC Köln
77%
Werder Bremen
74%
RB Leipzig
73%
FC Nürnberg
67%
VFL Wolfsburg
65%
Borussia Mönchengladbach
59%
FC Union Berlin
57%
Erzgebirge Aue
54%
1. FC Heidenheim
39%
MSV Duisburg
32%
Eintracht Braunschweig
27%
Holstein Kiel
27%
TSV 1860 München
16%

Verteilung der Resultate

Perzentil nach korrekt beantworteten Fragen

Anzahl Personen mit jedem Resultat

Ihre Resultats-Entwicklung

Sie haben dieses Quiz noch nicht gespielt